| 000 | 01038nab a22002177a 4500 | ||
|---|---|---|---|
| 999 |
_c5467 _d5467 |
||
| 003 | OSt | ||
| 005 | 20251113131702.0 | ||
| 008 | 190604e xxu||||| |||| 00| 0 spa d | ||
| 040 | _cPJ | ||
| 100 |
_96470 _aTripolone, Gerardo |
||
| 245 | 1 | 0 |
_aEl péndulo volvió a moverse : _bnueva reglamentación de la Ley de Defensa Nacional / _cGerardo Tripolone, Germán Soprano. |
| 260 |
_aCiudad Autónoma de Buenos Aires : _bThomson Reuters La Ley, _c2025. |
||
| 300 | _ap. 42-50 | ||
| 500 | _aCita Online: TR LALEY AR/DOC/594/2025. | ||
| 505 | _tSumario: I. Introducción.— II. Antes de Milei.— III. Después de Milei.— IV. Reflexiones finales: del papel a la realidad. | ||
| 505 | _t¿Te interesa el texto completo? Solicitalo al correo: koha@justierradelfuego.gov.ar | ||
| 650 | 0 |
_9209 _aDERECHO EN GENERAL |
|
| 700 |
_96471 _aSoprano, Germán _ecoautor |
||
| 773 | 0 |
_02714 _93171 _dCiudad Autónoma de Buenos Aires : Thomson Reuters La Ley, 2014- _tRevista anales de legislación argentina. Nº 7 - Julio 2025. |
|
| 942 |
_2udc _cANA |
||